Krimiquizz Nr. 2 - Statistiken

Allgemein
  • Dieses Quiz wurde 13 mal gespielt
  • Das Durchschnittsergebnis liegt bei 4 aus 15
Antwortstatistiken
Hint Antwort % Korrekt
Bodenstein und Kirchhoff(D, Taunus-Reihe) Nele Neuhaus
73%
Ann Kathrin Klaasen (D, Ostfriesen-Reihe) Klaus-Peter Wolf
55%
Franz Eberhofer (D, Bayernkrimi) Rita Falk
55%
Carl Morck (DK) Jussi Adler-Olsen
45%
Kommissar Kluftinger (D, Allgäu-Krimis) Michael Kobr Volker Klüpfel
36%
David Hunter(VK, gerade neu als Serie auf Netflix) Simon Beckett
36%
Gereon Rath (D) Volker Kutscher
27%
Pia Korittki (D, Ostseekrimis) Eva Almstädt
18%
Cormoran Strike (VK) Robert Galbraith
18%
Kommissar Jules Maigret (B, F) Georges Simenon
9%
Pater Brown (VK) G.K. Chesterton
9%
Kommissar Georges Dupin(F, Bretonische Krimireihe) Jean-Luc Bannalec
9%
Jack Reacher (USA) Lee Child
9%
Detektiv Philip Marlowe (USA) Raymond Chandler
9%
Nero Wolf (USA) Rex Stout
0%
Keine übereinstimmenden Quizze gefunden
Verteilung der Resultate
Anzahl Personen mit jedem Resultat
Perzentil nach korrekt beantworteten Fragen
Ihre Resultats-Entwicklung
Sie haben dieses Quiz noch nicht gespielt